Statystyki dla Wszystkie championy w League of Legends (patch 12.12, bez Nilah)

Kliknij tutaj aby rozwiązać quiz!

Ogólne statystyki

  • Ten quiz został rozwiązany 119 razy
  • Średni wynik to 90 z 160

Statystyki odpowiedzi

Odpowiedzi% Poprawnych
Aatrox
89%
Lee Sin
89%
Vi
82%
Yasuo
82%
Yone
82%
Ahri
79%
Ashe
79%
Blitzcrank
79%
Darius
79%
Garen
79%
Akali
76%
Draven
76%
Annie
74%
Braum
74%
Jinx
74%
Kai'Sa
74%
Leona
74%
Miss Fortune
74%
Anivia
71%
Aurelion Sol
71%
Azir
71%
Caitlyn
71%
Ezreal
71%
Jhin
71%
Lux
71%
Olaf
71%
Zed
71%
Zeri
71%
Amumu
68%
Brand
68%
Fizz
68%
Lulu
68%
Warwick
68%
Aphelios
66%
Bard
66%
Dr Mundo
66%
Ekko
66%
Gragas
66%
Jax
66%
Lucian
66%
Ornn
66%
Pyke
66%
Samira
66%
Sejuani
66%
Senna
66%
Teemo
66%
Urgot
66%
Alistar
63%
Bel'Veth
63%
Orianna
63%
Sylas
63%
Tristana
63%
Vayne
63%
Xerath
63%
Cho'Gath
61%
Gangplank
61%
Graves
61%
Kalista
61%
Master Yi
61%
Nunu i Willump
61%
Rek'Sai
61%
Vel'Koz
61%
Viego
61%
Volibear
61%
Akshan
58%
Hecarim
58%
Kayn
58%
Morgana
58%
Shaco
58%
Yuumi
58%
Corki
55%
Evelynn
55%
Illaoi
55%
Janna
55%
Kha'Zix
55%
Lissandra
55%
Malzahar
55%
Pantheon
55%
Sett
55%
Sivir
55%
Veigar
55%
Viktor
55%
Xayah
55%
Xin Zhao
55%
Camille
53%
Elise
53%
Fiddlesticks
53%
Fiora
53%
Galio
53%
Heimerdinger
53%
Irelia
53%
Kassadin
53%
Katarina
53%
Nami
53%
Nautilius
53%
Rakan
53%
Rengar
53%
Syndra
53%
Zac
53%
Zoe
53%
Lillia
50%
Mordekaiser
50%
Nidalee
50%
Rammus
50%
Rumble
50%
Ryze
50%
Twisted Fate
50%
Cassiopeia
47%
Karma
47%
Maokai
47%
Nasus
47%
Poppy
47%
Quinn
47%
Rell
47%
Shyvana
47%
Sion
47%
Soraka
47%
Thresh
47%
Tryndamere
47%
Udyr
47%
Varus
47%
Vex
47%
Yorick
47%
Zyra
47%
Diana
45%
Jayce
45%
Kayle
45%
Kled
45%
Malphite
45%
Neeko
45%
Qiyana
45%
Shen
45%
Swain
45%
Twitch
45%
Zilean
45%
Gnar
42%
Ivern
42%
Jarvan IV
42%
Karthus
42%
Kindred
42%
Renata Glasc
42%
Renekton
42%
Taliyah
42%
Trundle
42%
Wukong
42%
Ziggs
42%
Kennen
39%
Kog'Maw
39%
LeBlanc
39%
Nocturne
39%
Riven
39%
Seraphine
39%
Tahm Kench
39%
Taric
39%
Singed
37%
Gwen
34%
Skarner
34%
Sona
34%
Vladimir
34%
Talon
32%

Rozkład punktacji

Percentyl według liczby udzielonych odpowiedzi

Procent ludzi z każdym wynikiem

Twoja historia wyników

Nie rozwiązałeś tego quizu